| 000 | 00448cam a2200181ua 4500 | ||
|---|---|---|---|
| 020 | _c350.00 | ||
| 041 |
_aeng _h |
||
| 082 |
_a028.76338 _bKOT/KO |
||
| 100 | _aKothari, . | ||
| 245 |
_aKothari`s industial directory of India / _cKothari. _hTextual Documents |
||
| 250 |
_a35 / _b. |
||
| 260 |
_aMadras : _bKothari Enterprises , _c1986. |
||
| 300 | _a485 ; . | ||
| 365 | _a350.00 | ||
| 504 | _a | ||
| 942 | _cBK | ||
| 999 |
_c9950 _d9950 |
||